00586nam a2200169 i 450000100060000000300090000600500170001500700030003200800410003510000250007624500890010126000330019030000220022385200320024599900170027795201220029471825ES-MaACL20230906171236.0t|040819s1973 sp ||||1| spa d1 aGibert, E. S.95664210aSobre las cumbres del Gran Sasso b: historia y valores de una vida / cE.S. Gibert. aMadrid : bStudium, c[1973] a226 p. ; c22 cm. aES-MaACLjC-54324 bR.87158 c71825d71825 00104070aATENEOMbATENEOMcDEPO2d2008-01-17eSCl0oC-54324p1075193r2023-02-23 00:00:00w2023-02-23yMONOGRAFIA